Naishadheeya Charitam (Record no. 363222)

MARC details
000 -LEADER
fixed length control field 003420000a22001450004500
005 - DATE AND TIME OF LATEST TRANSACTION
control field 20120302064837.0
040 ## - CATALOGING SOURCE
Original cataloging agency San
100 ## - MAIN ENTRY--PERSONAL NAME
Personal name Shree Harsha
245 ## - TITLE STATEMENT
Title Naishadheeya Charitam
260 ## - PUBLICATION, DISTRIBUTION, ETC. (IMPRINT)
Place of publication, distribution, etc Mumbai: Panduranga JAvji ,1933
300 ## - PHYSICAL DESCRIPTION
Extent 925 p.+ 24 p.
365 ## - TRADE PRICE
Price amount Rs. 14 /-
650 ## - SUBJECT ADDED ENTRY--TOPICAL TERM
Topical term or geographic name as entry element Naishadhiya / Naishadheeya
942 ## - ADDED ENTRY ELEMENTS (KOHA)
Koha item type Book
Holdings
Withdrawn status Lost status Damaged status Not for loan Home library Current library Date acquired Total Checkouts Barcode Date last seen Price effective from
        Institute For Oriental Study, Thane Institute For Oriental Study, Thane 12/02/2009   IOS-S 24277 12/02/2009 12/02/2009